Legislatívne prekážky rozvoja podnikania

Slovenská obchodná a priemyselná komora pripravila rozsiahly materiál, v ktorom definuje legislatívne prekážky rozvoja podnikania a navrhuje priority legislatívneho procesu - vymenované sú problémové oblasti jednotlivých prijatých zákonov. Administratívne prekážky podnikania.

Salvato in:
Dettagli Bibliografici
Autore principale: Borovský, Juraj
Altri autori: Vlčko, Ján
Natura: Capitolo di libro
Lingua:slovacco
Soggetti:
Tags: Aggiungi Tag
Nessun Tag, puoi essere il primo ad aggiungerne!!

MARC

LEADER 00000naa a2200000 4500
001 r043973
005 20231002114542.4
041 0 |a slo 
044 |a SK 
245 1 0 |a Legislatívne prekážky rozvoja podnikania  |c Juraj Borovský, Ján Vlčko 
520 |a Slovenská obchodná a priemyselná komora pripravila rozsiahly materiál, v ktorom definuje legislatívne prekážky rozvoja podnikania a navrhuje priority legislatívneho procesu - vymenované sú problémové oblasti jednotlivých prijatých zákonov. Administratívne prekážky podnikania. 
610 2 0 |a podnikanie 
610 2 0 |a prekážky v práci 
610 2 0 |a legislatíva 
610 2 0 |a úpravy právne 
610 2 0 |a zákony 
610 2 0 |a Slovensko 
100 1 |a Borovský, Juraj 
700 1 |a Vlčko, Ján